000 00517nam a22001697a 4500
999 _c164410
_d164410
005 20190517165805.0
010 _aB-161102
020 _a812690450-X
_c350.00
035 _aB-161102
037 _bAtlantic Publishers {And} Distributors
082 _a883.08
100 _aTiwari, Shubha.
245 _aIndian fiction in english translation /
_cShubha Tiwari.
260 _aNew Delhi
_bAtlantic Publishers {And} Distributors
_c2005
300 _a148p
_c22cm (hbk)
942 _2ddc
_cEN
_h883.08
_mIND